Analysis of Automation the Assessment Tasks in Public Administration

Guardado en:
Detalles Bibliográficos
Autor principal: Rakovská, Eva, 1963-
Formato: Capítulo de libro
Lenguaje:inglés
Etiquetas: Agregar Etiqueta
Sin Etiquetas, Sea el primero en etiquetar este registro!

MARC

LEADER 00000nla a2200000 4500
001 0186406
005 20240502083439.2
041 0 |a eng 
044 |a CZ 
245 1 0 |a Analysis of Automation the Assessment Tasks in Public Administration  |c Eva Rakovská 
500 |a Abstrakt 
100 1 |a Rakovská, Eva, 1963-